| 000 | 00474nam a2200169 i 4500 | ||
|---|---|---|---|
| 001 | 110561 | ||
| 003 | ES-MaACL | ||
| 005 | 20230906185103.0 | ||
| 007 | t| | ||
| 008 | 070131s1897 ve ||||1| spa d | ||
| 080 | _a821.134.2(85)-14"18" | ||
| 100 | 1 |
_aCorpancho, Teobaldo Elías. _940695 |
|
| 245 | 1 | 0 |
_aCanto a España / _cTeobaldo Elías Corpancho. |
| 260 |
_aLima : _b[s.n.], _c1897 ( _fImp. de El Pais) |
||
| 300 |
_a11 p. ; _c17 cm. |
||
| 852 |
_aES-MaACL _jT-767-F-1 |
||
| 999 |
_c110561 _d110561 |
||